Find the Secret: US States - Statistics

General Stats
  • This quiz has been taken 33 times
  • The average score is 17 of 22
Answer Stats
Hint Answer % Correct
Denver Colorado
97%
Honolulu Hawaii
97%
Memphis Tennessee
97%
Tampa Florida
90%
Baton Rouge Louisiana
90%
Boise Idaho
87%
Newark New Jersey
87%
Tucson Arizona
83%
Huntsville Alabama
80%
Providence Rhode Island
80%
Green Bay Wisconsin
80%
Rochester New York
77%
Toledo Ohio
77%
Tulsa Oklahoma
77%
Fairbanks Alaska
73%
Gary Indiana
73%
Columbia South Carolina
73%
Cedar Rapids Iowa
70%
Columbus Georgia
63%
Asheville North Carolina
63%
SECRET STATE 2 California
60%
SECRET STATE 1 Washington
60%
No matching quizzes found
Score Distribution
Percent of People with Each Score
Percentile by Number Answered
Your Score History
You have not taken this quiz